000 00589nam a22001457a 4500
008 230621b xxu||||| |||| 00| 0 eng d
020 _a0100201008
082 _a328.03
_bHMS
110 _bThe House of Commons
_cLondon
_d23 Oct 1990
245 _aHouse Of commons second Report from the Select Committee on Procedure Session 1989-90
_bThe Working of the Select committee System
_cTogether with the proceedings of the commitee relating to the report , minutes of evidence, and appendices
_hvolume 1
260 _aLondon
_bHMSO
_c1990
300 _a109p
440 _vvolume 1
942 _2ddc
_cBK
999 _c2016
_d2016